000 00327nab a22001097u 4500
008 130520b1988 xxu||||| |||| 00| 0 spa d
041 _aspa
100 1 _aRichard, Pablo
_95387
245 0 0 _aLiteratura teológica de América Latina
_cPablo Richard
773 0 _tConcilium
_gV.2,1988,págs.277-287
_x0210-1041
_wRev134
942 _cAR
999 _c355430
_d355430